header

Markets and moral regulation (Record no. 48530)

MARC details
000 -LEADER
fixed length control field 01445nam a22003494a 4500
082 04 - DEWEY DECIMAL CLASSIFICATION NUMBER
Classification number 306.48/2
100 1# - MAIN ENTRY--AUTHOR NAME
Personal name Kurzer, Paulette,
245 10 - TITLE STATEMENT
Title Markets and moral regulation
260 ## - PUBLICATION, DISTRIBUTION, ETC. (IMPRINT)
Place of publication Cambridge [England] ;
-- New York :
Name of publisher Cambridge University Press,
Year of publication 2001.
300 ## - PHYSICAL DESCRIPTION
Number of Pages xii, 210 p.
490 1# - SERIES STATEMENT
Series statement Themes in European governance
650 #0 - SUBJECT ADDED ENTRY--TOPICAL TERM
Topical Term Markets
856 40 - ELECTRONIC LOCATION AND ACCESS
Uniform Resource Identifier http://site.ebrary.com/lib/rucke/Doc?id=10064323

No items available.

© 2026 Rongo University
Contact us: librarian | system librarian | Rongo university